000 00994npm a2200241 4500
001 5125
003 ES-MaACL
005 20230908150919.0
007 hzrazu bucu
008 891025r19891870sp b 00010 spa d
080 _a061.21(466.3 Vitoria)(05)"1870/72"
080 _a05(46)
245 0 3 _aEl Ateneo
_b: [Microforma] : Organo del Ateneo Cientifico, Literario y Artistico de Vitoria.
260 _aMadrid :
_bAteneo Cientifico, Literario y Artistico,
_c1989.
300 _a4 microfichas :
_bnegativo, il.
500 _aPublicado originalmente: Vitoria, Impr. Vda. de EgaƱa e Hijos, 1870-1872, periodicidad quincenal.
505 8 _aMicroficha n. 1: 1870 (abr. a 15 nov.) -- Microficha n. 2: 1870 (30 nov.) a 1871 (20 jun.) -- Microficha n. 3: 1871 (jul. a dic.) -- Microficha n. 4: 1872 (en. a jun.)
650 1 4 _aObras de 1800.
_915662
710 2 _aAteneo de Vitoria.
_91848
852 _aES-MaACL
_jMCF-26
_95242
_cDEPO1
942 _2udc
_cMICROFORMA
999 _c5125
_d5125